Govt. of
Madhya Pradesh

Normal view MARC view

Entry Personal Name

Number of records used in: 1

001 - CONTROL NUMBER

  • control field: 75892

003 - CONTROL NUMBER IDENTIFIER

  • control field: OSt

005 - DATE AND TIME OF LATEST TRANSACTION

  • control field: 20190709161742.0

008 - FIXED-LENGTH DATA ELEMENTS

  • fixed length control field: 190709|| aca||aabn | a|a d

040 ## - CATALOGING SOURCE

  • Original cataloging agency: OSt
  • Transcribing agency: OSt

100 ## - HEADING--PERSONAL NAME

  • Personal name: Tandon, Amish

670 ## - SOURCE DATA FOUND

  • Source citation: Work cat.: (OSt): Tandon, Amish, Law of Sexual Harrassment At Work Place, 2017